| 000 | 00596nam a22001577a 4500 | ||
|---|---|---|---|
| 020 | _qHard Cover. | ||
| 082 | _a620.005 | ||
| 100 | _aBurki, Ibrahim | ||
| 245 |
_aSupply Chain Integration and Supplier Management in Supply Chain Effectiveness of Supply Chain Integration and Supplier Management in Supply Chain Networks / _cIbrahim Burki. |
||
| 260 |
_aIslamabad: _bCEME - NUST, _c2014. |
||
| 300 |
_bill. ; _c30cm, |
||
| 650 |
_aEngineering Management MS-Thesis. _916065 |
||
| 700 |
_aDr. Akhtar Nawaz Malik _916099 |
||
| 942 |
_2ddc _cTHE |
||
| 999 |
_c536431 _d536431 |
||